00741cam a2200217 a 4500999001500000001000500015003000900020005001700029008004100046020001400087040003800101082002300139100002300162245006300185260005700248300002800305500002000333600003700353942001200390952012100402 c6741d67416939BD-DhUAP20210106150653.0200301s20011936ii abf b f000 0 eng  a19561321X aBD-DhUAPcBD-DhUAPdBD-DhUAPbEng a954.042092 NEH223 aNehru, Jawaharlal. aJawaharlal Nehru : ban autobiography /cJawaharlal Nehru. aNew Delhi :bOxford university press,cc1936 [2001]. axi, 623 pages ;c23 cm. aIncludes index. aNehru, Jawaharlal, -- 1889-1964. 2ddccBK 00102ddc4070aUAPCLbUAPCLcGeneral Stacksd2021-01-06o954.042092 NEHp3010006939r2021-01-06t1w2021-01-06yBK